000 01195nam a2200265 i 4500
003 DO-SdBNP
005 20260529113339.0
007 ta
008 280528e2025 dr a|||gr|||||||| p|spa d
020 _a9789945299823.
040 _aDO-SdBNP
_bspa
_cBNPHU
_erda
041 _aspa
082 _bR333o 2025
100 _aRegalado, Marcos
_989780
_eautor
245 _aEl origen de las causas /
_cMarcos Regalado.
264 _aSanto Domingo, República Dominicana :
_bRegalado Vargas, Marcos Antonio,
_c2025.
300 _a102 paginas :
_bilustraciones ;
_c22 cm.
336 _atexto
_btxt
_2rdacontent
337 _asin mediación
_bn
_2rdamedia
338 _avolumen
_bnc
_2rdacarrier
520 _aEl origen de las causas” es un viaje introspectivo, una recopilación de poemas que no busca respuestas, sino grietas. No ofrece consuelo, pero sí compañía. A través de palabras que se guardan para quienes saben escuchar y silencios que se regalan a quienes saben observar, este libro invita al lector a perderse en lo esencial: lo que nos mueve, lo que nos duele, lo que no sabemos nombrar.
590 _aInventariado, 2026/WG.
650 0 _aPoesía dominicana
_966
942 _2ddc
_cLBS1
999 _c60832
_d60832